Research into slush drag, wheel spray, and aquaplanning at Bristol University using small pneumatic tyres /

Bibliographic Details
Main Author: Barrett, R. V.
Corporate Author: Aeronautical Research Council (Great Britain)
Format: Book
Language:English
Published: London : Her Majesty's Stationery Office, 1971.
Series:Reports and memoranda (Aeronautical Research Council (Great Britain)) ; no. 3682.
Subjects:

MARC

Tag First Indicator Second Indicator Subfields
LEADER 00000cam a2200000 a 4500
001 in00001402789
005 20151020053037.0
008 971209s1971 enka b f000 0 eng d
035 |a (OCoLC)38057938 
035 |9 AHM6813AM 
040 |a TXA  |c TXA  |d UtOrBLW 
049 |a TXAM 
090 |a TL526.G7  |b A4 no. 3682 
100 1 |a Barrett, R. V. 
245 1 0 |a Research into slush drag, wheel spray, and aquaplanning at Bristol University using small pneumatic tyres /  |c by R.V. Barrett. 
264 1 |a London :  |b Her Majesty's Stationery Office,  |c 1971. 
300 |a 17 pages :  |b illustrations ;  |c 28 cm. 
336 |a text  |b txt  |2 rdacontent 
337 |a unmediated  |b n  |2 rdamedia 
338 |a volume  |b nc  |2 rdacarrier 
490 1 |a Aeronautical Research Council. Reports and memoranda ;  |v no. 3682 
500 |a Cover title. 
500 |a "June, 1970" -- page [1]. 
500 |a "Replaces A.R.C. Report 32 355" -- page [1]. 
504 |a Includes bibliographical references (page 7). 
650 0 |a Airplanes  |x Tires. 
650 0 |a Runways (Aeronautics) 
710 2 |a Aeronautical Research Council (Great Britain) 
830 0 |a Reports and memoranda (Aeronautical Research Council (Great Britain)) ;  |v no. 3682. 
999 |a MARS 
999 f f |s 107c2a2c-d32b-3016-b404-34e27a93440c  |i 9df7c35b-ae19-3f08-b405-ef75a4ede671  |t 0 
952 f f |p ric  |a Texas A&M University  |b Rellis Campus  |c Joint Library Facility  |d Remote Storage  |t 0  |e TL526.G7 A4 no. 3682  |h Library of Congress classification  |i unmediated -- volume  |m A14821571908 
998 f f |a TL526.G7 A4 no. 3682  |t 0  |l Remote Storage